| 000 | 00827nam a22003137a 4500 | ||
|---|---|---|---|
| 001 | BR2022000371 | ||
| 003 | BR-BrBNA | ||
| 005 | 20230928105637.0 | ||
| 007 | ta | ||
| 008 | 230509b bl.||||| |||| 00| 0 por d | ||
| 040 |
_aBR-BrBNA _bpor _cBiblioteca Nacional de Agricultura |
||
| 041 | _a(Por) | ||
| 072 |
_aL70; L73; L01 _b5300 |
||
| 090 | _ 5300 BR2022000371 | ||
| 100 | 1 | _aSobestiansky, J. (ed.) | |
| 100 | 1 | _aMatos, M.P.C. | |
| 100 | 1 | _aSouza, C.M. de | |
| 245 | 1 | _aMonitoria patológica de suínos em matadouros | |
| 260 | 3 |
_aGoiânia, GO (Brasil): _c2001. |
|
| 300 | _a52 p. | ||
| 500 | _a21 ref.; 96 illus.; 24 tables | ||
| 650 | _aSUÍNO | ||
| 650 | _aABATEDOURO | ||
| 650 | _aCARCAÇA | ||
| 650 | _aAUTÓPSIA | ||
| 650 | _aDOENÇA ANIMAL | ||
| 909 |
_a202309 _bLucia _c55 _dLucia Elande |
||
| 942 | _cBK | ||
| 999 |
_c86016 _d86016 |
||